[Event "Titled Tuesday intern op 08th Sept"]
[Site "Chess.com INT"]
[Date "2020.09.08"]
[Round "9"]
[White "Tharushi, THD Niklesha"]
[Black "Suvrajit, Saha"]
[Result "0-1"]
[WhiteElo "1655"]
[BlackElo "2198"]
[PlyCount "64"]
[EventDate "2020.09.08"]
[EventType "swiss (blitz)"]
[EventRounds "10"]
[EventCountry "USA"]
[SourceTitle "CBM 198 Extra"]
[Source "ChessBase"]
[SourceDate "2020.11.30"]
[SourceVersion "1"]
[SourceVersionDate "2020.11.30"]
[SourceQuality "1"]

1. d4 c5 2. d5 g6 3. c4 Bg7 4. Nf3 f5 5. g3 Nf6 6. Bg2 0-0 7. Nc3 d6 8. Nd2 h6 9. 0-0 Nbd7 10. e4 fxe4 11. Ndxe4 Nxe4 12. Bxe4 g5 13. Bc2 Nf6 14. Rb1 Bh3 15. Re1 Qd7 16. Qe2 Ng4 17. Qe4 Rxf2 18. Qh7+ Kf8 19. Ne4 Rxc2 20. Rf1+ Bxf1 21. Nxc5 dxc5 22. Qxc2 Bh3 23. b4 Bd4+ 24. Kh1 Nf2+ 25. Kg1 Qg4 26. Bb2 Nd3+ 27. Bxd4 Qxd4+ 28. Kh1 Qe4+ 29. Kg1 Qe3+ 30. Kh1 Nf2+ 31. Kg1 Nd1+ 32. Kh1 Qe1# 0-1

[Event "Titled Tuesday intern op 01st Sept"]
[Site "Chess.com INT"]
[Date "2020.09.01"]
[Round "8"]
[White "Sadhwani, Raunak"]
[Black "Suvrajit, Saha"]
[Result "1-0"]
[WhiteElo "2545"]
[BlackElo "2198"]
[PlyCount "83"]
[EventDate "2020.09.01"]
[EventType "swiss (blitz)"]
[EventRounds "10"]
[EventCountry "USA"]
[SourceTitle "CBM 198 Extra"]
[Source "ChessBase"]
[SourceDate "2020.11.30"]
[SourceVersion "1"]
[SourceVersionDate "2020.11.30"]
[SourceQuality "1"]

1. e4 c5 2. Nc3 Nc6 3. Bb5 Nd4 4. Nf3 Nxb5 5. Nxb5 a6 6. Nc3 e6 7. d4 cxd4 8. Qxd4 d6 9. Bg5 Qa5 10. Bd2 Qc5 11. Qd3 Bd7 12. Be3 Qc7 13. 0-0 Nf6 14. Rad1 Be7 15. Bf4 e5 16. Bg5 Be6 17. Bxf6 gxf6 18. Nd5 Qc6 19. c3 Rg8 20. Rfe1 Bd8 21. g3 b5 22. Nh4 a5 23. Nf5 Bxf5 24. exf5 Ra6 25. Qf3 Kf8 26. Qh5 Rg7 27. Re4 Kg8 28. Rg4 Qc8 29. Rxg7+ Kxg7 30. Re1 Qc4 31. Qf3 Rc6 32. Re4 Qxa2 33. Rg4+ Kf8 34. Nxf6 Qb1+ 35. Kg2 Rc4 36. Rg8+ Ke7 37. Nd5+ Kd7 38. Rf8 f6 39. Rf7+ Kc8 40. Nb6+ Bxb6 41. Qb7+ Kd8 42. Qd7# 1-0

[Event "Titled Tuesday intern op 25th Aug"]
[Site "Chess.com INT"]
[Date "2020.08.25"]
[Round "6"]
[White "Kepeshchuk, Mykhaylo"]
[Black "Suvrajit, Saha"]
[Result "1-0"]
[WhiteElo "2269"]
[BlackElo "2198"]
[PlyCount "103"]
[EventDate "2020.08.25"]
[EventType "swiss (blitz)"]
[EventRounds "10"]
[EventCountry "USA"]
[SourceTitle "CBM 198 Extra"]
[Source "ChessBase"]
[SourceDate "2020.11.30"]
[SourceVersion "1"]
[SourceVersionDate "2020.11.30"]
[SourceQuality "1"]

1. d4 Nf6 2. c4 c5 3. Nf3 cxd4 4. Nxd4 e5 5. Nc2 d5 6. cxd5 Qxd5 7. Qxd5 Nxd5 8. e4 Nb4 9. Nxb4 Bxb4+ 10. Nc3 0-0 11. Bd2 Nc6 12. a3 Nd4 13. Rc1 Ba5 14. b4 Bd8 15. Be3 Nb3 16. Rd1 Be6 17. Nd5 a5 18. Bc4 Nd4 19. Bxd4 exd4 20. Rxd4 axb4 21. axb4 Bxd5 22. Bxd5 Bf6 23. Rd1 Bc3+ 24. Ke2 Bxb4 25. Rb1 Bc5 26. Rxb7 Rab8 27. Bxf7+ Kh8 28. Rhb1 Ra8 29. f4 g6 30. e5 Ra3 31. Rc7 Re3+ 32. Kd2 Rd8+ 33. Kc2 Re2+ 34. Kc3 Be3 35. g3 Rxh2 36. Rbb7 Bf2 37. e6 Be1+ 38. Kb3 Re2 39. e7 Rd3+ 40. Kc4 Rc3+ 41. Kd4 Rxc7 42. Rxc7 Bxg3 43. e8Q+ Rxe8 44. Bxe8 Bxf4 45. Rd7 g5 46. Bh5 h6 47. Ke4 Bg3 48. Kf5 Kg8 49. Kg6 Kf8 50. Kxh6 Bf4 51. Kg6 g4 52. Bxg4 1-0